Enseñanza individualizada para el aprendizaje de la ortografía /

Guardado en:
Autor Principal: Fischer, Rosa
Formato: Libro
Publicado: Buenos Aires : Kapelusz, 1977
Series:Cuadernos pedag¢gicos; No. 37
Materias:
Etiquetas: Agregar Etiqueta
Sin Etiquetas, Sea el primero en etiquetar este registro!
LEADER 00617nam a22001935a 4500
001 CEM.cems010859
005 20070305173955.0
008 130507s1977##################000#0#####d
003 CEMS
082 0 4 |a 372.4 
100 1 |a Fischer, Rosa 
245 1 0 |a Enseñanza individualizada para el aprendizaje de la ortografía /  |c Rosa Fischer 
260 |a Buenos Aires :  |b Kapelusz,  |c 1977 
300 |a 48 p. 
490 0 |a Cuadernos pedag¢gicos; No. 37 
653 |a Biblioteca maría de los angeles saggio 
653 |a Educación 
653 |a Ortografía-enseñanza 
859 |a CEMS  |b BIB. CEMS - 11 de abril  |h 372.4  |i F528-1  |p 21561.01  |t Ej.1